[Event "Box Hill op"]
[Site "Box Hill"]
[Date "2001.10.05"]
[Round "5.10"]
[White "Hilliard, Geoffrey"]
[Black "Dutka, Janusz"]
[Result "0-1"]
[WhiteElo "1662"]
[BlackElo "1869"]
[PlyCount "80"]
[EventDate "2001.09.??"]
[EventType "swiss"]
[EventRounds "7"]
[EventCountry "AUS"]
[SourceTitle "EXT 2003"]
[Source "ChessBase"]
[SourceDate "2002.11.25"]
[SourceVersion "1"]
[SourceVersionDate "2002.11.25"]
[SourceQuality "1"]

1. e4 c5 2. Nf3 d6 3. d4 cxd4 4. Nxd4 Nf6 5. Nc3 a6 6. g3 e5 7. Nde2 b5 8. a3 Bb7 9. Bg2 Be7 10. 0-0 Nbd7 11. b4 0-0 12. Nd5 Nxd5 13. exd5 Qc7 14. Be3 Rac8 15. Rc1 Nb6 16. Qd3 Nc4 17. f4 Nxe3 18. Qxe3 f5 19. Rfd1 Bf6 20. fxe5 Bxe5 21. Nd4 Bxd4 22. Rxd4 Rfe8 23. Qd3 Qc3 24. Rf1 Qxd3 25. Rxd3 g6 26. c3 Re2 27. Rf2 Rce8 28. Bf3 Re1+ 29. Rf1 Kf7 30. Kf2 Rxf1+ 31. Kxf1 Kf6 32. Kf2 g5 33. Re3 Rxe3 34. Kxe3 Ke5 35. h4 h6 36. hxg5 hxg5 37. g4 f4+ 38. Kd3 Bxd5 39. Bd1 Bc4+ 40. Kd2 Ke4 0-1

[Event "Box Hill op"]
[Site "Box Hill"]
[Date "2001.09.21"]
[Round "3.20"]
[White "Hilliard, Geoffrey"]
[Black "Fell, Samuel"]
[Result "1-0"]
[WhiteElo "1662"]
[BlackElo "1101"]
[PlyCount "43"]
[EventDate "2001.09.??"]
[EventType "swiss"]
[EventRounds "7"]
[EventCountry "AUS"]
[SourceTitle "EXT 2003"]
[Source "ChessBase"]
[SourceDate "2002.11.25"]
[SourceVersion "1"]
[SourceVersionDate "2002.11.25"]
[SourceQuality "1"]

1. e4 e5 2. Nf3 Nf6 3. d4 Nc6 4. dxe5 Ng4 5. Bf4 Bc5 6. Bg3 Qe7 7. Nc3 Ngxe5 8. Nd5 Nxf3+ 9. Qxf3 Nd4 10. Qd3 Nxc2+ 11. Qxc2 Bb4+ 12. Kd1 Qg5 13. Nxc7+ Ke7 14. Nxa8 d6 15. Rc1 d5 16. Qc7+ Bd7 17. Bf4 Qg6 18. Bb5 Rd8 19. Bxd7 Rxd7 20. Qe5+ Kd8 21. Rc8+ Kxc8 22. Qb8# 1-0

[Event "Box Hill op"]
[Site "Box Hill"]
[Date "2001.09.14"]
[Round "2.24"]
[White "Hilliard, Geoffrey"]
[Black "Vijayakumar, Rukman"]
[Result "1-0"]
[WhiteElo "1662"]
[BlackElo "1185"]
[PlyCount "97"]
[EventDate "2001.09.??"]
[EventType "swiss"]
[EventRounds "7"]
[EventCountry "AUS"]
[SourceTitle "EXT 2003"]
[Source "ChessBase"]
[SourceDate "2002.11.25"]
[SourceVersion "1"]
[SourceVersionDate "2002.11.25"]
[SourceQuality "1"]

1. d4 Nf6 2. c4 e6 3. Nf3 b6 4. g3 Bb7 5. Bg2 c5 6. dxc5 Bxc5 7. 0-0 0-0 8. Nc3 d5 9. Ne5 Nbd7 10. Nxd7 Qxd7 11. Bg5 Be7 12. Rc1 h6 13. Bxf6 Bxf6 14. cxd5 Bxc3 15. Rxc3 exd5 16. Rd3 Rad8 17. Bxd5 Bxd5 18. e4 Qb5 19. exd5 Rd6 20. Qd2 Rfd8 21. Rd1 a5 22. Rd4 Re8 23. Rd3 Rc8 24. b3 Qc5 25. Rd4 Qc2 26. Qxc2 Rxc2 27. R1d2 Rxd2 28. Rxd2 Kf8 29. Kg2 f5 30. Kf3 Kf7 31. Kf4 Kf6 32. Ke3 g5 33. Kd4 h5 34. Rc2 b5 35. Rc6 Ke7 36. Ke5 Rd7 37. d6+ Kf7 38. Kxf5 g4 39. Rc7 Ke8 40. Ke6 Rxd6+ 41. Kxd6 h4 42. gxh4 g3 43. hxg3 a4 44. h5 Kf8 45. h6 Kg8 46. g4 Kh8 47. g5 axb3 48. g6 bxa2 49. Rc8# 1-0